=LDR 00000nam 2200000 4500 =001 INLIS000000000026837 =005 20141024110549.0 =006 =007 =008 ind =035 ##$$0010-061300000026837 =041 ##$$a ind =082 ##$$a 636.003 =090 ##$$a 636.003, GLO g =245 ##$$a Glosarium peternakan, penyunting, Supartini Mansjoer, A. Gaffar Ruskhan, Menuk Hardaniwati =260 ##$$a 2003 $b Jakarta =300 ##$$a 197 hlm., 21 cm =650 ##$$a Peternakan =650 ##$$a Istilah =700 ##$$a Mansjur, Supartini =850 ##$$a NBPNMAT =990 ##$$a 21602461/BPAP-NTB/2017